<?xml version="1.0" encoding="UTF-8"?>
<record
    xmlns:xsi="http://www.w3.org/2001/XMLSchema-instance"
    xsi:schemaLocation="http://www.loc.gov/MARC21/slim http://www.loc.gov/standards/marcxml/schema/MARC21slim.xsd"
    xmlns="http://www.loc.gov/MARC21/slim">

  <leader>00814nam0a22002291  4500</leader>
  <controlfield tag="001">v19\rc\2015569</controlfield>
  <controlfield tag="005">20260406175159.0</controlfield>
  <datafield tag="035" ind1=" " ind2=" ">
    <subfield code="a">(NLR Aleph) 005096682</subfield>
  </datafield>
  <datafield tag="090" ind1=" " ind2=" ">
    <subfield code="a">7351227</subfield>
    <subfield code="c">7351227</subfield>
  </datafield>
  <datafield tag="100" ind1=" " ind2=" ">
    <subfield code="a">20080925d1909    |||y0rusy50      ca</subfield>
  </datafield>
  <datafield tag="101" ind1="0" ind2=" ">
    <subfield code="a">rus</subfield>
  </datafield>
  <datafield tag="102" ind1=" " ind2=" ">
    <subfield code="a">RU</subfield>
  </datafield>
  <datafield tag="105" ind1=" " ind2=" ">
    <subfield code="a">y   z   |||||</subfield>
  </datafield>
  <datafield tag="200" ind1="1" ind2=" ">
    <subfield code="a">&#x423;&#x441;&#x442;&#x430;&#x432; &#x425;&#x430;&#x440;&#x44C;&#x43A;&#x43E;&#x432;&#x441;&#x43A;&#x43E;&#x433;&#x43E; &#x43E;&#x431;&#x449;&#x435;&#x441;&#x442;&#x432;&#x430; &#x432;&#x437;&#x430;&#x438;&#x43C;&#x43D;&#x43E;&#x433;&#x43E; &#x432;&#x441;&#x43F;&#x43E;&#x43C;&#x43E;&#x436;&#x435;&#x43D;&#x438;&#x44F; &#x43D;&#x430; &#x441;&#x43B;&#x443;&#x447;&#x430;&#x439; &#x441;&#x43C;&#x435;&#x440;&#x442;&#x438;</subfield>
    <subfield code="e">[&#x423;&#x442;&#x432;. 10 &#x430;&#x432;&#x433;. 1901 &#x433;.]</subfield>
  </datafield>
  <datafield tag="210" ind1=" " ind2=" ">
    <subfield code="a">&#x425;&#x430;&#x440;&#x44C;&#x43A;&#x43E;&#x432;</subfield>
    <subfield code="d">1909</subfield>
  </datafield>
  <datafield tag="215" ind1=" " ind2=" ">
    <subfield code="a">31 &#x441;.</subfield>
  </datafield>
  <datafield tag="710" ind1="0" ind2="2">
    <subfield code="a">&#x425;&#x430;&#x440;&#x44C;&#x43A;&#x43E;&#x432;&#x441;&#x43A;&#x43E;&#x435; &#x43E;&#x431;&#x449;&#x435;&#x441;&#x442;&#x432;&#x43E; &#x432;&#x437;&#x430;&#x438;&#x43C;&#x43D;&#x43E;&#x433;&#x43E; &#x432;&#x441;&#x43F;&#x43E;&#x43C;&#x43E;&#x436;&#x435;&#x43D;&#x438;&#x44F; &#x43D;&#x430; &#x441;&#x43B;&#x443;&#x447;&#x430;&#x439; &#x441;&#x43C;&#x435;&#x440;&#x442;&#x438;</subfield>
    <subfield code="3">RU\NLR\AUTH\889943398</subfield>
    <subfield code="9">381942</subfield>
  </datafield>
  <datafield tag="801" ind1=" " ind2="0">
    <subfield code="a">RU</subfield>
    <subfield code="b">NLR</subfield>
    <subfield code="g">psbo</subfield>
  </datafield>
  <datafield tag="801" ind1=" " ind2="1">
    <subfield code="a">RU</subfield>
    <subfield code="b">ProSoft-M</subfield>
    <subfield code="2">rusmarc</subfield>
  </datafield>
  <datafield tag="852" ind1=" " ind2=" ">
    <subfield code="a">NLR</subfield>
    <subfield code="j">34.48.8.1150</subfield>
  </datafield>
  <datafield tag="942" ind1=" " ind2=" ">
    <subfield code="c">BOOK</subfield>
  </datafield>
  <datafield tag="980" ind1=" " ind2=" ">
    <subfield code="a">NB</subfield>
  </datafield>
  <datafield tag="995" ind1=" " ind2=" ">
    <subfield code="5">2013-10-26</subfield>
    <subfield code="b">NLR02</subfield>
    <subfield code="c">NLR02</subfield>
    <subfield code="e">RFS</subfield>
    <subfield code="f">5096682-10</subfield>
    <subfield code="k">34.48.8.1150</subfield>
    <subfield code="o">0</subfield>
    <subfield code="r">BOOK</subfield>
    <subfield code="s">344881150_</subfield>
  </datafield>
</record>
